Química orgánica
Sparad:
| Huvudupphovsman: | |
|---|---|
| Materialtyp: | Bok |
| Språk: | spanska |
| Publicerad: |
Ciudad de México
Continental
1980
|
| Ämnen: | |
| Taggar: |
Lägg till en tagg
Inga taggar, Lägg till första taggen!
|
MARC
| LEADER | 00000nam a2200000 a 4500 | ||
|---|---|---|---|
| 001 | UCR2965 | ||
| 003 | CL-VaPUC | ||
| 008 | 980123e19800000MX |||||||||||||||||spa|d | ||
| 082 | 0 | 4 | |a 547 |b DOM |2 21 |
| 100 | 0 | |a Domínguez, Xorge A |e author |9 401531 | |
| 245 | 1 | 0 | |a Química orgánica |
| 300 | |a 543 p | ||
| 942 | |c BK | ||
| 945 | |d 19980123 00:00:00 |a jquezada | ||
| 260 | |a Ciudad de México |b Continental |c 1980 | ||
| 650 | 0 | |a Química orgánica |9 259426 | |
| 650 | 7 | |a COMPUESTOS ORGANICOS |2 CL-VaPUC |9 306788 | |
| 650 | 7 | |a COMPUESTOS DE CARBONO |2 CL-VaPUC |9 401532 | |
| 650 | 7 | |a HIDROCARBUROS |2 CL-VaPUC |9 344783 | |
| 650 | 0 | |a Alcoholes |9 257199 | |
| 650 | 7 | |a FENOLES |2 CL-VaPUC |9 344787 | |
| 650 | 7 | |a ETER |2 CL-VaPUC |9 375426 | |
| 650 | 7 | |a CETONAS |2 CL-VaPUC |9 344785 | |
| 650 | 7 | |a SALES |2 CL-VaPUC |9 401533 | |
| 650 | 7 | |a MONOSACARIDOS |2 CL-VaPUC |9 370142 | |
| 650 | 7 | |a DISACARIDOS |2 CL-VaPUC |9 401534 | |
| 650 | 0 | |a Polisacáridos |9 262996 | |
| 583 | |a last modification |c 19980123 00:00:00 |k Rodrigo Vera | ||
| 999 | |c 266085 |d 266083 | ||